Look alive twenty-five : (Record no. 1258)

MARC details
000 -LEADER
fixed length control field 02964cam a2200457 i 4500
005 - DATE AND TIME OF LATEST TRANSACTION
control field 20260322212053.0
008 - FIXED-LENGTH DATA ELEMENTS--GENERAL INFORMATION
fixed length control field data
010 ## - LIBRARY OF CONGRESS CONTROL NUMBER
LC control number 2018038157
020 ## - INTERNATIONAL STANDARD BOOK NUMBER
International Standard Book Number 9780399179228
Qualifying information (hardcover)
020 ## - INTERNATIONAL STANDARD BOOK NUMBER
International Standard Book Number 0399179224
Qualifying information (hardcover)
020 ## - INTERNATIONAL STANDARD BOOK NUMBER
International Standard Book Number 9780399179235
Qualifying information (electronic publication)
020 ## - INTERNATIONAL STANDARD BOOK NUMBER
International Standard Book Number 9780525631842
Qualifying information (large print)
020 ## - INTERNATIONAL STANDARD BOOK NUMBER
International Standard Book Number 0525631844
Qualifying information (large print)
020 ## - INTERNATIONAL STANDARD BOOK NUMBER
International Standard Book Number 9780525540199
024 8# - OTHER STANDARD IDENTIFIER
Standard number or code 40028679151
040 ## - CATALOGING SOURCE
Original cataloging agency DLC
Language of cataloging eng
Description conventions rda
Transcribing agency DLC
Modifying agency PUL
-- DAD
-- NLN
-- JBU
-- OCJ
-- JTH
-- RB0
-- VP@
-- ILC
-- JQM
-- ZGR
-- TXJDC
-- IUK
-- YDX
-- NDS
-- BDX
-- SSH
-- ABJ
-- GK8
-- OCLCF
-- FN4
-- FLWMD
-- QX9
-- TXLAK
-- CNWPU
-- AP8
-- OCLCQ
-- NDS
-- PUL
042 ## - AUTHENTICATION CODE
Authentication code pcc
043 ## - GEOGRAPHIC AREA CODE
Geographic area code n-us-nj
050 00 - LIBRARY OF CONGRESS CALL NUMBER
Classification number PS3555.V2126
Item number L66 2018
084 ## - OTHER CLASSIFICATION NUMBER
Classification number FIC016000
-- FIC016000
Number source bisacsh
099 ## - LOCAL FREE-TEXT CALL NUMBER (OCLC)
Classification number EVANO J
001 - CONTROL NUMBER
control field data
100 1# - MAIN ENTRY--PERSONAL NAME
Personal name Evanovich, Janet,
Relator term author.
Authority record control number or standard number http://id.loc.gov/authorities/names/n93124340
245 10 - TITLE STATEMENT
Title Look alive twenty-five :
Remainder of title a Stephanie Plum novel /
Statement of responsibility, etc. Janet Evanovich.
246 3# - VARYING FORM OF TITLE
Title proper/short title Look alive 25
264 #1 - PRODUCTION, PUBLICATION, DISTRIBUTION, MANUFACTURE, AND COPYRIGHT NOTICE
Place of production, publication, distribution, manufacture New York :
Name of producer, publisher, distributor, manufacturer G.P. Putnam's Sons, an imprint of Penguin Random House LLC,
Date of production, publication, distribution, manufacture, or copyright notice [2018]
300 ## - PHYSICAL DESCRIPTION
Extent 311 pages ;
Dimensions 25 cm.
336 ## - CONTENT TYPE
Content type term text
Content type code txt
Source rdacontent
337 ## - MEDIA TYPE
Media type term unmediated
Media type code n
Source rdamedia
338 ## - CARRIER TYPE
Carrier type term volume
Carrier type code nc
Source rdacarrier
490 1# - SERIES STATEMENT
Series statement A Stephanie Plum Novel ;
Volume/sequential designation bk. 25
520 ## - SUMMARY, ETC.
Summary, etc. "Nothing's more Jersey than a good delicatessen. And if you're visiting Trenton, you can't do better than the Red River Deli. The coleslaw's edible and the oil in the deep fryer gets changed-eventually. It's a tribute to quality management, but that's now in jeopardy because the last three managers have vanished. The only clue to each disappearance is one shoe left behind. Stephanie Plum, Jersey girl and bounty hunter extraordinaire, is stepping into the manager's shoes ... well, shoe. The hottest detective on the force, Stephanie's boyfriend, Joe Morelli, is running down clues, and the always mysterious Ranger is sticking to Stephanie like pork roll to an egg sandwich. If Stephanie intends to avoid disappearing and hold on to 100 percent of her footwear, she has to do more than man the potato salad -- she needs to find out who took the previous victims. Each disappearance leads to more questions, but with Stephanie and Lula running the deli, the most pressing question remains, How many "I"s in salmonella?"--Front jacket flap.
600 10 - SUBJECT ADDED ENTRY--PERSONAL NAME
Personal name Plum, Stephanie
Titles and other words associated with a name (Fictitious character)
Form subdivision Fiction.
650 #0 - SUBJECT ADDED ENTRY--TOPICAL TERM
Topical term or geographic name entry element Women bounty hunters
Form subdivision Fiction.
Authority record control number or standard number http://id.loc.gov/authorities/subjects/sh2010118792
650 #0 - SUBJECT ADDED ENTRY--TOPICAL TERM
Topical term or geographic name entry element Missing persons
General subdivision Investigation
Form subdivision Fiction.
Authority record control number or standard number http://id.loc.gov/authorities/subjects/sh2010102093
650 #0 - SUBJECT ADDED ENTRY--TOPICAL TERM
Topical term or geographic name entry element Delicatessens
Form subdivision Fiction.
650 #7 - SUBJECT ADDED ENTRY--TOPICAL TERM
Topical term or geographic name entry element FICTION
General subdivision Women Sleuths.
-- Women Sleuths.
Source of heading or term bisacsh
650 #7 - SUBJECT ADDED ENTRY--TOPICAL TERM
Topical term or geographic name entry element FICTION
General subdivision Humorous.
Source of heading or term bisacsh
651 #0 - SUBJECT ADDED ENTRY--GEOGRAPHIC NAME
Geographic name New Jersey
Form subdivision Fiction.
Authority record control number or standard number http://id.loc.gov/authorities/subjects/sh2008116307
800 1# - SERIES ADDED ENTRY--PERSONAL NAME
Personal name Evanovich, Janet.
Title of a work Stephanie Plum novel ;
Volume/sequential designation 25.
Authority record control number or standard number http://id.loc.gov/authorities/names/no2011131222
Holdings
Withdrawn status Lost status Damaged status Not for loan Home library Current library Shelving location Date acquired Total checkouts Full call number Barcode Date last seen Price effective from Koha item type
        Pleasant Valley Pleasant Valley General stacks 22/03/2026   PS3555.V2126 L66 2018 BC0011299 22/03/2026 22/03/2026 Books